[Event "WYCC 2018 O14"]
[Site "Halkidiki"]
[Date "2018.10.29"]
[Round "10"]
[White "Juhasz, Agoston"]
[Black "Tsay, Vincent"]
[Result "0-1"]
[WhiteElo "2174"]
[BlackElo "2310"]
[Annotator "NA"]
[PlyCount "112"]
[EventDate "2018.10.20"]
[EventType "swiss"]
[EventCountry "GRE"]
[SourceTitle "playchess.com"]
[Source "ChessBase"]
[SourceQuality "1"]
[TimeControl "40/5400+30:1800+30"]

1. e4 {[%emt 0:00:00]} c5 {[%emt 0:00:00]} 2. Nf3 {[%emt 0:00:00]} e6 {[%emt 0:00:00]} 3. g3 {[%emt 0:00:05]} Nc6 {[%emt 0:01:33]} 4. Bg2 {[%emt 0:00:19]} d5 {[%emt 0:00:05]} 5. exd5 {[%emt 0:00:14]} exd5 {[%emt 0:00:06]} 6. d4 {[%emt 0:00:19]} Nf6 {[%emt 0:00:11]} 7. O-O {[%emt 0:00:29]} Be7 {[%emt 0:01:00]} 8. Nc3 {[%emt 0:02:00]} O-O {[%emt 0:02:42]} 9. dxc5 {[%emt 0:00:47]} Bxc5 {[%emt 0:02:33]} 10. a3 {[%emt 0:01:44] LiveBook: 11 Games B40: Sicilian: 2...e6, Unusual lines} a6 {[%emt 0:10:12]} 11. b4 {[%emt 0:11:55]} Be7 {[%emt 0:03:59]} 12. h3 $146 {[%emt 0:14:25]} ({Predecessor:} 12. Bb2 Bf5 13. Nd4 Bg6 14. Re1 Re8 15. Nb3 d4 16. Ne2 d3 17. cxd3 Qxd3 18. Qxd3 Bxd3 {1-0 (53) Illescas Cordoba,M (2608)-Suarez Garcia,C (2321) Linares 2013}) 12... Be6 {[%emt 0:08:09]} 13. Be3 {[%emt 0:02:03]} b5 {[%emt 0:07:40]} 14. Nd4 {[%emt 0:06:29]} Rc8 {[%emt 0:03:20]} 15. Nxc6 {[%emt 0:02:08]} Rxc6 {[%emt 0:02:16]} 16. Ne2 {[%emt 0:01:31]} Qc8 {[%emt 0:09:57]} 17. Nd4 {[%emt 0:02:07]} Rc4 {[%emt 0:01:50]} 18. Kh2 {[%emt 0:03:44]} (18. Nxe6 $11 fxe6 19. Re1) 18... Bd6 {[%emt 0:03:55]} 19. Rc1 {[%emt 0:13:58]} h6 {[%emt 0:09:40]} 20. Nb3 {[%emt 0:05:11]} Bxh3 {[%emt 0:03:31]} 21. Bd4 {[%emt 0:03:10]} Ng4+ {[%emt 0:02:54]} 22. Kg1 {[%emt 0:00:26]} Bxg2 {[%emt 0:00:39]} 23. Kxg2 {[%emt 0:00:03]} Re8 {[%emt 0:07:51]} 24. Bc5 {[%emt 0:01:42]} Bxc5 {[%emt 0:03:28]} 25. Nxc5 {[%emt 0:00:10]} Qf5 {[%emt 0:03:24]} 26. Qd3 {[%emt 0:03:49]} g6 {[%emt 0:07:15]} 27. Nxa6 {[%emt 0:10:16]} Ra8 {[%emt 0:01:09]} 28. Qxf5 {[%emt 0:01:42]} gxf5 {[%emt 0:00:04]} 29. Nc5 {[%emt 0:00:06]} Rxa3 {[%emt 0:00:09]} 30. Nd3 {[%emt 0:00:31]} Rac3 {[%emt 0:00:29]} 31. Rfd1 {[%emt 0:09:31]} Rxc2 {[%emt 0:00:31]} 32. Rxc2 {[%emt 0:00:46]} Rxc2 {[%emt 0:00:05]} 33. Kf1 {[%emt 0:00:06]} d4 {[%emt 0:01:51]} 34. Ke1 {[%emt 0:00:08]} Kg7 {[%emt 0:01:55]} 35. Rc1 {[%emt 0:01:31]} Rxc1+ {[%emt 0:00:34]} 36. Nxc1 {[%emt 0:00:01]} Kf6 {[%emt 0:00:01]} 37. f3 {[%emt 0:01:37]} Ne3 {[%emt 0:00:40]} 38. Ke2 {[%emt 0:00:59]} Ke5 {[%emt 0:01:46]} 39. Kd3 {[%emt 0:02:47]} Nd1 {[%emt 0:01:20]} 40. Nb3 {[%emt 0:00:00]} Nf2+ {[%emt 0:00:00]} 41. Ke2 {[%emt 0:01:16]} Nh1 {[%emt 0:03:38]} 42. Kd3 {[%emt 0:07:37]} Nxg3 {[%emt 0:00:11]} 43. Nxd4 {[%emt 0:00:16]} h5 {[%emt 0:00:41]} 44. Nxb5 {[%emt 0:15:13]} h4 {[%emt 0:01:23]} 45. Nc3 {[%emt 0:01:11]} h3 {[%emt 0:00:19]} 46. Nd1 {[%emt 0:00:14]} h2 {[%emt 0:00:04]} 47. Nf2 {[%emt 0:00:13]} Kf4 {[%emt 0:00:41]} 48. Kd2 {[%emt 0:06:41]} Kxf3 {[%emt 0:01:21]} 49. Ke1 {[%emt 0:00:09]} Kf4 {[%emt 0:04:09]} 50. b5 {[%emt 0:01:05]} Ke5 {[%emt 0:00:19]} 51. Kd1 {[%emt 0:01:00]} Kd5 {[%emt 0:00:52]} 52. Kc2 {[%emt 0:00:25]} h1=Q {[%emt 0:01:02]} 53. Nxh1 {[%emt 0:00:04]} Nxh1 {[%emt 0:00:07]} 54. Kd3 {[%emt 0:01:21]} Ng3 {[%emt 0:00:12]} 55. b6 $19 {[%emt 0:01:13]} Kc6 {[%emt 0:00:04]} 56. Ke3 {[%emt 0:00:06]} Nh5 {[%emt 0:00:07]} 0-1

[Event "WYCC 2018 O14"]
[Site "Halkidiki"]
[Date "2018.10.29"]
[Round "10"]
[White "Lopez Varela, Pablo"]
[Black "Chatzieleftheriou, Andreas"]
[Result "0-1"]
[WhiteElo "2172"]
[BlackElo "1984"]
[Annotator "NA"]
[PlyCount "50"]
[EventDate "2018.10.20"]
[EventType "swiss"]
[EventCountry "GRE"]
[SourceTitle "playchess.com"]
[Source "ChessBase"]
[SourceQuality "1"]
[TimeControl "40/5400+30:1800+30"]

1. e4 {[%emt 0:00:00]} e6 {[%emt 0:00:00]} 2. d4 {[%emt 0:00:00]} d5 {[%emt 0:00:00]} 3. e5 {[%emt 0:00:00]} c5 {[%emt 0:00:00]} 4. c3 {[%emt 0:00:00]} Nc6 {[%emt 0:00:03]} 5. Nf3 {[%emt 0:00:00]} Bd7 {[%emt 0:00:11]} 6. Bd3 {[%emt 0:01:13]} Rc8 {[%emt 0:00:50]} 7. dxc5 {[%emt 0:04:07]} Bxc5 {[%emt 0:00:19]} 8. O-O {[%emt 0:00:08]} Nge7 {[%emt 0:01:20]} 9. Qe2 {[%emt 0:04:42]} Ng6 {[%emt 0:01:59]} 10. Re1 {[%emt 0:02:00]} O-O {[%emt 0:02:55]} 11. h4 {[%emt 0:06:35]} f6 $15 {[%emt 0:09:01]} ({Much worse is} 11... Nxh4 $6 {[#]} 12. Bxh7+ $1 {[%mdl 512]} Kxh7 13. Ng5+ Kg6 14. Qg4 $14) 12. exf6 {[%emt 0:01:06]} Qxf6 {[%emt 0:03:27]} 13. Bg5 {[%emt 0:08:24]} Qf7 {[%emt 0:04:18]} 14. Qc2 e5 15. h5 {[%emt 0:09:34]} e4 {[%emt 0:01:26]} 16. hxg6 {[%emt 0:00:49]} Qxg6 {[%emt 0:02:00]} 17. Qb3 {[%emt 0:10:01]} Rxf3 {[%emt 0:34:00]} 18. Bxe4 {[%emt 0:20:09]} Bxf2+ {[%emt 0:01:25]} 19. Kf1 {[%emt 0:00:07]} Rf5 {[%emt 0:09:05]} 20. Rd1 {[%emt 0:14:05]} Bb6+ {[%emt 0:05:07]} 21. Bf3 {[%emt 0:02:21]} Rxf3+ {[%emt 0:00:05]} 22. gxf3 {[%emt 0:00:07]} Bh3+ {[%emt 0:00:11]} 23. Ke2 {[%emt 0:00:52]} Re8+ {[%emt 0:00:09]} 24. Be3 {[%emt 0:00:25]} Qg2+ {[%emt 0:01:02]} 25. Kd3 {[%emt 0:00:41]} Rxe3# {[%emt 0:00:07] Kd4} 0-1

[Event "WYCC 2018 O14"]
[Site "Halkidiki"]
[Date "2018.10.29"]
[Round "10"]
[White "Srihari L R"]
[Black "Dardha, Daniel"]
[Result "1/2-1/2"]
[WhiteElo "2170"]
[BlackElo "2316"]
[Annotator "NA"]
[PlyCount "104"]
[EventDate "2018.10.20"]
[EventType "swiss"]
[EventCountry "GRE"]
[SourceTitle "playchess.com"]
[Source "ChessBase"]
[SourceQuality "1"]
[TimeControl "40/5400+30:1800+30"]

1. b3 {[%emt 0:00:06]} d5 {[%emt 0:02:15]} 2. Bb2 {[%emt 0:01:38]} Nf6 {[%emt 0:00:05]} 3. e3 {[%emt 0:00:25]} c5 {[%emt 0:00:58]} 4. Nf3 {[%emt 0:03:07]} Nc6 {[%emt 0:00:09]} 5. Bb5 {[%emt 0:03:41] LiveBook: 195 Games} Bd7 {[%emt 0:01:20]} 6. O-O {[%emt 0:02:15]} e6 {[%emt 0:00:49]} 7. d4 {[%emt 0:01:02] A06: Réti Opening:1 Nf3 d5} (7. Bxc6 Bxc6 8. Ne5 Rc8 9. d3 Nd7 10. Nxc6 Rxc6 11. Nd2 Nf6 12. f4 Bd6 13. Nf3 O-O 14. Ne5 Bxe5 15. fxe5 {½-½ (44) Aronian,L (2764)-Vachier Lagrave,M (2789) Paris 2018}) 7... Be7 {[%emt 0:01:42]} 8. Nbd2 {[%emt 0:02:07]} O-O {[%emt 0:00:08]} 9. a3 {[%emt 0:02:40]} Nxd4 {[%emt 0:10:07]} 10. Nxd4 {[%emt 0:01:00]} cxd4 {[%emt 0:00:07]} 11. Bxd7 $146 {[%emt 0:01:05]} ({Predecessor:} 11. Bd3 dxe3 12. fxe3 Ne8 13. e4 dxe4 14. Nxe4 f5 {0-1 (31) Abdijapar,A-Tologontegin,S (2355) Bishkek 2010}) 11... dxe3 {[%emt 0:01:32]} 12. Bb5 {[%emt 0:00:48]} exd2 {[%emt 0:00:17]} 13. Qxd2 {[%emt 0:00:00]} Ne4 {[%emt 0:01:46]} 14. Qe2 {[%emt 0:00:52]} Bf6 {[%emt 0:00:38]} 15. Bxf6 {[%emt 0:04:06]} Qxf6 {[%emt 0:00:43]} 16. Qe3 {[%emt 0:00:44]} Nc3 {[%emt 0:06:45]} 17. Bd3 {[%emt 0:00:14]} d4 {[%emt 0:00:12]} 18. Qd2 {[%emt 0:00:52]} e5 {[%emt 0:01:31]} 19. Rfe1 {[%emt 0:00:22]} Rfe8 {[%emt 0:00:31]} 20. f3 {[%emt 0:01:00]} Rad8 {[%emt 0:01:55]} 21. a4 {[%emt 0:01:12]} g6 {[%emt 0:10:34]} 22. Rf1 {[%emt 0:11:48]} Kg7 {[%emt 0:00:17]} 23. Rae1 {[%emt 0:00:19]} Qd6 {[%emt 0:02:33]} 24. g4 $19 {[%emt 0:09:15]} Nd5 {[%emt 0:02:54]} 25. Kh1 {[%emt 0:03:29]} Nf4 {[%emt 0:14:42]} 26. Bc4 {[%emt 0:18:51]} f6 {[%emt 0:07:30]} 27. Re4 {[%emt 0:04:05]} Nd5 {[%emt 0:09:33]} 28. Bxd5 {[%emt 0:06:03]} Qxd5 {[%emt 0:00:03]} 29. Rfe1 {[%emt 0:00:08]} h6 {[%emt 0:07:25]} 30. h3 {[%emt 0:00:56]} Qc6 {[%emt 0:00:22]} 31. Qd3 {[%emt 0:08:44]} Rc8 {[%emt 0:00:47]} 32. R4e2 {[%emt 0:01:07]} Qc3 {[%emt 0:05:26]} 33. Qe4 {[%emt 0:00:08]} Qc6 {[%emt 0:00:06]} 34. Qd3 {[%emt 0:00:09]} Qa6 {[%emt 0:05:23]} 35. Qxa6 {[%emt 0:08:39]} bxa6 {[%emt 0:00:01]} 36. f4 {[%emt 0:00:11]} Rc5 {[%emt 0:01:33]} 37. b4 {[%emt 0:02:35]} Rc4 {[%emt 0:01:53]} 38. fxe5 {[%emt 0:00:06]} Rxe5 {[%emt 0:00:05]} 39. Rxe5 {[%emt 0:00:05]} fxe5 {[%emt 0:00:04]} 40. Rxe5 {[%emt 0:00:00]} Rxc2 {[%emt 0:00:00]} 41. Rd5 {[%emt 0:03:51]} Rd2 {[%emt 0:19:42]} 42. Kg1 {[%emt 0:09:47]} Kf6 {[%emt 0:07:05]} 43. Kf1 {[%emt 0:00:21]} Ke6 {[%emt 0:01:43]} 44. Ra5 {[%emt 0:00:13]} Rh2 {[%emt 0:02:09]} 45. Rxa6+ {[%emt 0:01:23]} Kd5 {[%emt 0:00:02]} 46. Rxa7 {[%emt 0:02:43]} Kc4 {[%emt 0:00:27]} 47. b5 {[%emt 0:00:09]} d3 {[%emt 0:00:27]} 48. Ke1 {[%emt 0:01:17]} d2+ {[%emt 0:01:11]} 49. Kd1 {[%emt 0:00:05]} Kd3 {[%emt 0:00:04]} 50. Rd7+ {[%emt 0:00:03]} Kc3 {[%emt 0:00:19]} 51. Rc7+ {[%emt 0:00:04]} Kd3 {[%emt 0:00:06]} 52. Rd7+ {[%emt 0:00:03]} Kc3 {[%emt 0:00:05]} 1/2-1/2

[Event "WYCC 2018 O14"]
[Site "Halkidiki"]
[Date "2018.10.29"]
[Round "10"]
[White "Turgut, Aydin"]
[Black "Gaal, Zsoka"]
[Result "1-0"]
[WhiteElo "2156"]
[BlackElo "1976"]
[Annotator "TA"]
[PlyCount "149"]
[EventDate "2018.10.20"]
[EventType "swiss"]
[EventCountry "GRE"]
[SourceTitle "playchess.com"]
[Source "ChessBase"]
[SourceQuality "1"]

{[%evp 27,149,33,32,10,10,0,0,1,10,8,25,11,10,0,14,18,62,36,68,69,81,77,73,66,79,67,67,37,29,31,87,87,87,83,88,66,90,90,91,88,112,115,118,118,142,20,117,114,108,110,102,0,156,156,159,155,154,154,153,153,153,153,154,156,172,172,172,172,172,149,172,145,172,172,172,172,172,123,172,172,180,180,180,135,134,117,112,70,254,231,238,222,246,242,225,208,190,35,35,33,163,163,324,320,922,903,29955,29959,29959,29961,29950,29949,29970,29971,29971,29971,29972,4631,29989,29990,29990,29991,29991,29992]} 1. e4 c5 2. Nf3 g6 3. d4 cxd4 4. Nxd4 Nc6 5. Be3 Bg7 6. Nc3 Nf6 7. Bc4 Qa5 8. O-O O-O 9. Bb3 d6 10. h3 Bd7 11. Re1 Rac8 12. Qd2 {B35: Sizilianisch (Beschleunigtes Fianchetto)} Nxd4 13. Bxd4 Bc6 14. Rad1 Rfe8 {[#] LiveBook: 3 Partien} 15. Nd5 $146 (15. a3 {keeps more tension.} Nd7 16. Qf4 Rf8 17. Qh4 Bxd4 18. Rxd4 Qe5 19. Rdd1) ({Vorgänger:} 15. Bxf6 Bxf6 16. Nd5 Qxd2 17. Nxf6+ exf6 18. Rxd2 d5 19. Bxd5 Bxd5 20. Rxd5 Rxc2 {½-½ (29) Kotronias,V (2524)-Mamedov,R (2688) Moscow 2017}) 15... Qxd2 16. Rxd2 Nd7 17. c3 Nc5 18. Bc2 b6 19. h4 h5 20. f3 Ne6 (20... b5 {seems wilder.} 21. Be3 Na4 22. Rb1 a5 23. Kf2 Nc5) 21. Be3 Bxd5 22. exd5 Nc7 23. Kf2 Be5 24. g3 Rcd8 25. Bb3 Kg7 26. Bg5 Bf6 27. Bf4 b5 28. a4 a6 (28... Rb8 $14) 29. a5 $16 Rd7 30. Re4 Rb8 31. Kg2 Rbd8 32. Kh3 Rh8 33. c4 bxc4 34. Rxc4 Rb8 35. Ba4 Nb5 36. Rc6 (36. Be3 $16) 36... Rdb7 (36... Nd4 $1 $11) 37. Be3 $1 Nc7 38. Bb6 Na8 {[%cal Ra8b6]} 39. Be3 (39. Bg1 $16) 39... Rxb2 $2 (39... Nc7 $11) 40. Rxb2 (40. Rxa6 Rxd2 41. Bxd2 Rb2 $11) 40... Rxb2 41. Rc8 $1 Ra2 42. Bc6 Rxa5 43. Rxa8 Ra3 44. Bf4 Rxf3 45. Rxa6 Rf2 46. Ra3 Rb2 47. Re3 Ra2 48. Rf3 Rb2 49. Be3 Re2 50. Be8 Kf8 51. Bb5 Rb2 52. Bh6+ Kg8 53. Bc6 Bd4 54. Be8 Bf6 55. Bg5 Kf8 56. Bxf6 exf6 {[%mdl 4096] Endspiel KTL-KT} 57. Bc6 f5 $2 ({Besser ist} 57... Kg7 $1 $14) 58. Re3 Rb8 59. Kg2 Kg7 60. Re7 Rb2+ {[#]} 61. Kh3 $1 Rb3 {beabsichtigt ...f4.} 62. Rd7 $2 (62. Rb7 $18 Rxb7 63. Bxb7) 62... f4 $1 $14 63. Kg2 Rxg3+ ({Günstiger ist} 63... fxg3 $14 64. Rb7 (64. Rxd6 g5 $11) 64... Re3) 64. Kf2 $18 g5 $2 (64... Rg4) 65. hxg5 ({Nicht} 65. Rxd6 g4 $11) 65... h4 $2 (65... Rxg5 66. Rxd6 Rg3) 66. Rxd6 Rxg5 {[#]} 67. Rd8 $1 h3 68. d6 Rc5 69. d7 Rxc6 {KT-KT} 70. Rc8 ({Schlechter ist} 70. Rg8+ Kxg8 71. d8=Q+ Kg7 $11) 70... h2 71. Kg2 Rh6 72. Kh1 ({Und nicht} 72. Rg8+ Kxg8 73. d8=Q+ Kg7 $11) 72... f3 73. d8=Q {Weiß setzt Matt.} f2 74. Qf8+ Kg6 75. Rc6+ {Precision: Weiß = 66%, Schwarz = 36%.} 1-0

[Event "WYCC 2018 O14"]
[Site "Halkidiki"]
[Date "2018.10.29"]
[Round "10"]
[White "Patrelakis, Evaggelos"]
[Black "Tadic, Stefan"]
[Result "1/2-1/2"]
[WhiteElo "2146"]
[BlackElo "2295"]
[Annotator "ChessBase"]
[PlyCount "112"]
[EventDate "2018.10.20"]
[EventType "swiss"]
[EventCountry "GRE"]
[SourceTitle "playchess.com"]
[Source "ChessBase"]
[SourceQuality "1"]
[TimeControl "40/5400+30:1800+30"]

1. e4 {[%emt 0:00:00]} c5 {[%emt 0:00:00]} 2. Nf3 {[%emt 0:00:00]} Nf6 {[%emt 0:00:37]} 3. Nc3 {[%emt 0:00:00]} Nc6 {[%emt 0:00:17]} 4. d4 {[%emt 0:00:01]} d5 {[%emt 0:00:47]} 5. exd5 {[%emt 0:00:09]} Nxd5 {[%emt 0:00:09]} 6. dxc5 {[%emt 0:00:07]} Nxc3 {[%emt 0:01:37]} 7. Qxd8+ {[%emt 0:00:03]} Nxd8 {[%emt 0:00:14]} 8. bxc3 {[%emt 0:00:07]} f6 {[%emt 0:01:27]} 9. Be3 {[%emt 0:05:36]} e5 {[%emt 0:02:51]} 10. Nd2 {[%emt 0:03:15]} f5 {[%emt 0:23:38]} 11. Nf3 {[%emt 0:13:09]} f4 {[%emt 0:22:54]} 12. Bb5+ {[%emt 0:04:10]} Ke7 {[%emt 0:01:01]} 13. Bd2 {[%emt 0:00:24]} Kf6 {[%emt 0:02:04]} 14. h3 {[%emt 0:05:58]} Bxc5 {[%emt 0:03:50]} 15. O-O {[%emt 0:02:46]} a6 {[%emt 0:07:30]} 16. Bd3 {[%emt 0:03:13]} Bd7 {[%emt 0:02:01]} 17. Rfe1 {[%emt 0:03:06]} Re8 {[%emt 0:00:26]} 18. c4 {[%emt 0:05:52]} Bc6 {[%emt 0:01:59]} 19. Be4 {[%emt 0:01:37]} Rc8 {[%emt 0:01:43]} 20. Bc3 {[%emt 0:01:21]} Nf7 {[%emt 0:02:49]} 21. Rad1 {[%emt 0:02:25]} Re7 {[%emt 0:02:54]} 22. h4 {[%emt 0:04:43]} g6 {[%emt 0:03:13]} 23. Bd5 {[%emt 0:07:30]} Bxd5 {[%emt 0:07:09]} 24. Rxd5 {[%emt 0:00:03]} Bd6 {[%emt 0:01:10]} 25. Nd2 {[%emt 0:21:39]} Bb8 {[%emt 0:01:20]} 26. Bb4 {[%emt 0:02:07]} Ree8 {[%emt 0:01:11]} 27. Rd7 {[%emt 0:04:46]} Rc7 {[%emt 0:01:16]} 28. Ne4+ {[%emt 0:00:18]} Kf5 {[%emt 0:01:37]} 29. Rd6 {[%emt 0:02:25]} Nxd6 {[%emt 0:04:33]} 30. Nxd6+ {[%emt 0:00:02]} Ke6 {[%emt 0:00:12]} 31. Nxe8 {[%emt 0:00:10]} Rxc4 {[%emt 0:01:04]} 32. c3 {[%emt 0:03:15]} Rc8 {[%emt 0:00:30]} 33. Ng7+ {[%emt 0:00:21]} Kf6 {[%emt 0:00:17]} 34. Rd1 {[%emt 0:00:23]} Rg8 {[%emt 0:01:52]} 35. Ne8+ {[%emt 0:00:59]} Rxe8 {[%emt 0:00:11]} 36. Rd7 {[%emt 0:00:02]} e4 {[%emt 0:00:32]} 37. Kf1 {[%emt 0:00:47]} Be5 {[%emt 0:00:58]} 38. Rxb7 {[%emt 0:03:36]} Rc8 {[%emt 0:00:30]} 39. Rb6+ {[%emt 0:01:01]} Kf5 {[%emt 0:00:09]} 40. Rxa6 {[%emt 0:00:00]} Bxc3 {[%emt 0:00:00]} 41. Ra5+ {[%emt 0:02:15]} Kf6 {[%emt 0:11:34]} 42. Rc5 {[%emt 0:03:02]} Rxc5 {[%emt 0:00:21]} 43. Bxc5 {[%emt 0:00:02]} Ke5 {[%emt 0:01:36]} 44. Ke2 {[%emt 0:01:06]} Kd5 {[%emt 0:02:16]} 45. Be7 {[%emt 0:02:44]} Be5 {[%emt 0:03:53]} 46. Bb4 {[%emt 0:07:18]} Bf6 {[%emt 0:07:51]} 47. Bd2 {[%emt 0:01:10]} f3+ {[%emt 0:00:24]} 48. gxf3 {[%emt 0:00:37]} exf3+ {[%emt 0:00:04]} 49. Kxf3 {[%emt 0:00:22]} Bxh4 {[%emt 0:00:04]} 50. Kg2 {[%emt 0:00:38]} Bxf2 {[%emt 0:00:33]} 51. Kxf2 {[%emt 0:00:25]} Kc6 {[%emt 0:00:08]} 52. Kf3 {[%emt 0:00:26]} Kb5 {[%emt 0:00:20]} 53. a3 {[%emt 0:00:17]} Ka4 {[%emt 0:00:04]} 54. Bb4 {[%emt 0:00:09]} h5 {[%emt 0:00:07]} 55. Kf4 {[%emt 0:00:13]} h4 {[%emt 0:00:07]} 56. Kg4 {[%emt 0:00:04]} g5 {[%emt 0:00:03]} 1/2-1/2

[Event "WYCC 2018 O14"]
[Site "Halkidiki"]
[Date "2018.10.29"]
[Round "10"]
[White "Galkin, Gleb"]
[Black "Ozenir, Ekin Baris"]
[Result "1-0"]
[WhiteElo "2134"]
[BlackElo "2293"]
[Annotator "NA"]
[PlyCount "109"]
[EventDate "2018.10.20"]
[EventType "swiss"]
[EventCountry "GRE"]
[SourceTitle "playchess.com"]
[Source "ChessBase"]
[SourceQuality "1"]
[TimeControl "40/5400+30:1800+30"]

1. d4 Nf6 2. Nf3 e6 3. c4 b6 4. g3 Bb7 5. Bg2 g6 6. O-O Bg7 7. Nc3 Ne4 8. Nxe4 Bxe4 9. Bg5 {A50: Queen's Fianchetto Defence (1 d4 Nf6 2 c4 b6)} (9. Ne5 Bxg2 10. Kxg2 c5 11. Be3 Bxe5 12. dxe5 Qc7 13. Bd2 Nc6 14. Bc3 O-O-O 15. f4 h5 16. e3 g5 {0-1 (39) Fedoseev,V (2731)-Rodshtein,M (2695) Tbilisi 2017}) 9... Qc8 10. Qd2 h6 11. Be3 Qb7 12. Rac1 d6 13. Rfd1 Nd7 14. b4 Nf6 15. Ne1 $146 ({Predecessor:} 15. d5 e5 16. Nh4 Bxg2 17. Nxg2 {½-½ (88) Bhakti,K (2256)-Sachdev,T (2413) Bhayandar 2015}) 15... Bxg2 16. Nxg2 Ng4 17. c5 Nxe3 18. Nxe3 d5 19. Ng4 h5 20. Ne5 O-O 21. cxb6 axb6 22. Nc6 Ra3 23. Rc2 Kh7 24. b5 Qa8 25. Rb1 Bh6 26. e3 Bg7 27. Rbb2 Rc8 28. Qe2 Bf6 29. h3 Kg7 30. Qf3 Qa4 31. Qg2 h4 32. g4 g5 33. Qf1 Re8 34. Qe1 Be7 35. Nxe7 Rxe7 36. Qc1 Rd3 37. Kg2 Qa3 38. Rb1 Qa8 39. Rbb2 Qd8 40. Rc6 Ra3 41. Rbc2 Ra7 42. e4 Rd7 43. e5 Ra4 44. Qe3 Qe7 45. f4 Qa3 46. R6c3 Qb4 47. f5 Qxd4 48. Qxg5+ Kf8 49. fxe6 Qe4+ 50. Kh2 Re7 51. Rf2 Qh7 52. Rxc7 Rxe6 53. Qd8+ Re8 54. Qf6 Kg8 55. Rxf7 1-0

[Event "WYCC 2018 O14"]
[Site "Halkidiki"]
[Date "2018.10.29"]
[Round "10"]
[White "Marn, Jan"]
[Black "Shinn, Jungmin"]
[Result "1/2-1/2"]
[WhiteElo "2125"]
[BlackElo "1659"]
[Annotator "NA"]
[PlyCount "77"]
[EventDate "2018.10.20"]
[EventType "swiss"]
[EventCountry "GRE"]
[SourceTitle "playchess.com"]
[Source "ChessBase"]
[SourceQuality "1"]
[TimeControl "40/5400+30:1800+30"]

1. d4 {[%emt 0:00:00]} e6 {[%emt 0:00:00]} 2. c4 {[%emt 0:00:00]} Nf6 {[%emt 0:00:00]} 3. Nc3 {[%emt 0:00:00]} Bb4 {[%emt 0:00:05]} 4. e3 {[%emt 0:00:08]} O-O {[%emt 0:00:55]} 5. Nge2 {[%emt 0:00:05]} d5 {[%emt 0:00:41]} 6. a3 {[%emt 0:00:09]} Bd6 {[%emt 0:01:25]} 7. c5 {[%emt 0:00:21]} Be7 {[%emt 0:00:09]} 8. Nf4 {[%emt 0:03:10]} b6 {[%emt 0:00:45]} 9. b4 {[%emt 0:00:08]} a5 {[%emt 0:00:21] E46: Nimzo-Indian: Rubinstein: 4 e3 0-0 5 Ne2 without early Bd3} 10. Bd2 {[%emt 0:00:18]} (10. Bb2 axb4 11. axb4 Rxa1 12. Bxa1 Nc6 13. b5 Nxd4 14. exd4 bxc5 15. dxc5 Bxc5 16. Bd3 d4 17. Ne4 {½-½ (44) Navara,D (2735)-Cheparinov,I (2681) Jerusalem 2015}) 10... c6 {[%emt 0:00:06]} 11. Bd3 {[%emt 0:01:22]} Nbd7 {[%emt 0:00:02]} 12. O-O {[%emt 0:01:15]} e5 $146 {[%emt 0:00:04]} ({Predecessor:} 12... Ba6 13. f3 Qc7 14. Bxa6 Rxa6 15. Qe2 Ra7 {1-0 (38) Marn,J (2063)-Bratkovic,J (2223) Ljubljana 2018}) 13. dxe5 {[%emt 0:13:16]} Nxe5 {[%emt 0:01:04]} 14. Na4 {[%emt 0:00:20]} Nxd3 {[%emt 0:17:47]} 15. Nxd3 {[%emt 0:00:10]} Ba6 {[%emt 0:00:05]} 16. Bc3 {[%emt 0:03:58]} Bxd3 {[%emt 0:01:48]} 17. Qxd3 {[%emt 0:00:04]} axb4 {[%emt 0:00:23]} 18. axb4 {[%emt 0:00:31]} bxc5 {[%emt 0:00:12]} 19. Nxc5 {[%emt 0:04:18]} Bxc5 $11 {[%emt 0:01:01]} 20. bxc5 {[%emt 0:00:35]} Ne4 {[%emt 0:00:17]} 21. Bd4 {[%emt 0:07:09]} Qe7 {[%emt 0:06:05]} 22. Qc2 {[%emt 0:01:41]} Ng5 {[%emt 0:04:41]} 23. Rfc1 {[%emt 0:23:32]} Ne6 {[%emt 0:05:49]} 24. Be5 {[%emt 0:00:44]} Rxa1 {[%emt 0:03:18]} 25. Bxa1 {[%emt 0:00:06]} Ra8 {[%emt 0:10:28]} 26. Be5 {[%emt 0:02:17]} Nxc5 {[%emt 0:04:08]} 27. Bd4 {[%emt 0:01:57]} Ne6 {[%emt 0:07:55]} 28. Qxc6 {[%emt 0:00:16]} Rd8 {[%emt 0:00:49]} 29. Bb6 {[%emt 0:01:33]} Rb8 {[%emt 0:01:18]} 30. h3 {[%emt 0:06:00]} Nd8 {[%emt 0:07:49]} 31. Bxd8 {[%emt 0:02:05]} Rxd8 {[%emt 0:00:31]} 32. Qb6 {[%emt 0:02:22]} h6 {[%emt 0:05:52]} 33. Rc7 {[%emt 0:03:02]} Qd6 {[%emt 0:02:59]} 34. Qb7 {[%emt 0:02:22]} Qf6 {[%emt 0:01:21]} 35. Re7 {[%emt 0:07:31]} d4 {[%emt 0:02:42]} 36. Qe4 {[%emt 0:00:25]} dxe3 {[%emt 0:00:43]} 37. Re8+ {[%emt 0:00:56]} Rxe8 {[%emt 0:00:04]} 38. Qxe8+ {[%emt 0:00:05]} Kh7 {[%emt 0:00:04]} 39. Qxe3 {[%emt 0:00:06]} 1/2-1/2